| 000 | 00000cam 2200000zi 4500 |
| 001 | 9.958646 |
| 003 | CaOODSP |
| 005 | 20260112155906 |
| 006 | m o d f |
| 007 | cr cn||||||||| |
| 008 | 251230e202512##onca ob f000 0 eng d |
| 020 | |a9780660978567 |
| 040 | |aCaOODSP|beng|erda|cCaOODSP |
| 043 | |an-cn--- |
| 086 | 1 |aM4-285/3-2025E-PDF |
| 245 | 04|aThe Interdepartmental Inclusive Science Initiative : |bscience based departments and agencies inclusive science guidelines. |
| 246 | 10|aScience based departments and agencies inclusive science guidelines |
| 264 | 1|a[Ottawa] : |bGovernment of Canada = Gouvernement du Canada, |cDecember 2025. |
| 264 | 4|c©2025 |
| 300 | |a1 online resource (ii, 76 pages) : |billustrations |
| 336 | |atext|btxt|2rdacontent |
| 337 | |acomputer|bc|2rdamedia |
| 338 | |aonline resource|bcr|2rdacarrier |
| 500 | |aCover title. |
| 500 | |aIssued also in French under title: L'Initiative interministérielle sur la science inclusive : lignes directrices en matière de science inclusive pour les ministères et organismes à vocation scientifique. |
| 504 | |aIncludes bibliographical references (pages 75-76). |
| 520 | |a"The document provides high-level guidance that is intended to support individual departments and agencies in developing plans, strategies or frameworks with a consideration of inclusive principles within the conduct of science activities. The Guidelines are intended to be a key inclusive science resource for leaders, scientists, science managers and employees, policy makers, and staff across federal Science Based Departments and Agencies (SBDAs). The Guidelines are developed to emphasize shared accountability, transparency, and a collective commitment to equitable scientific enterprises"--Page 2. |
| 550 | |aIssued by: Natural Resources Canada. |
| 650 | 0|aScience and state|zCanada|xPlanning. |
| 650 | 0|aScience|xSocial aspects|xGovernment policy|zCanada. |
| 650 | 0|aNationalism and science|xGovernment policy|zCanada. |
| 650 | 0|aEquality|xGovernment policy|zCanada. |
| 710 | 1 |aCanada. |bNatural Resources Canada, |eissuing body. |
| 775 | 08|tL'Initiative interministérielle sur la science inclusive : |w(CaOODSP)9.958645 |
| 856 | 40|qPDF|s1.75 MB|uhttps://publications.gc.ca/collections/collection_2026/rncan-nrcan/M4-285-3-2025-eng.pdf |